Korean war 1950-53 (Record no. 476983)

000 -LEADER
fixed length control field 00359cam a22001337a 4500
008 - FIXED-LENGTH DATA ELEMENTS--GENERAL INFORMATION
fixed length control field 180718b1980 xxu||||| |||| 00| 0 eng d
082 ## - DEWEY DECIMAL CLASSIFICATION NUMBER
Classification number D49x519 K56
100 ## - MAIN ENTRY--PERSONAL NAME
Personal name Chum-Kon, Kim
245 ## - TITLE STATEMENT
Title Korean war 1950-53
Statement of responsibility, etc. by Kim Chum-Kon
260 ## - PUBLICATION, DISTRIBUTION, ETC.
Place of publication, distribution, etc. Seoul
Name of publisher, distributor, etc. Kwangmyong
Date of publication, distribution, etc. 1980
300 ## - PHYSICAL DESCRIPTION
Extent 604p.
650 ## - SUBJECT ADDED ENTRY--TOPICAL TERM
Topical term or geographic name entry element Korea --History --1945-
650 ## - SUBJECT ADDED ENTRY--TOPICAL TERM
Topical term or geographic name entry element Korean War, 1950-1953
Holdings
Withdrawn status Lost status Damaged status Not for loan Permanent Location Current Location Date acquired Full call number Barcode Date last seen Price effective from Koha item type
        Indian Institute of Public Administration Indian Institute of Public Administration 2018-08-04 D49x519 K56 GR10462 2018-08-04 2018-08-04 GR

Powered by Koha